000 00448nam a22001937a 4500
003 MPLRDC
005 20220104114015.0
008 210129b ||||| |||| 00| 0 eng d
020 _a957-32-1446-6
082 _a848.4 ST-3 v.4
100 _a苏童著
245 _a
_c
250 _a初版二刷
260 _a
_b远流出版公司
_c1993
300 _b
490 _a小说馆;63
650 _a现代别集
942 _cBK
_o848.4 ST-3 v.4
999 _c4077
_d4067